[Event "Teresina op 7th"]
[Site "Teresina"]
[Date "2019.08.04"]
[Round "6"]
[White "Barbosa, Matheus H De Alenca"]
[Black "Da Silva, Jose Gomes"]
[Result "1/2-1/2"]
[WhiteElo "1785"]
[BlackElo "1615"]
[PlyCount "63"]
[EventDate "2019.08.02"]
[EventType "swiss"]
[EventRounds "6"]
[EventCountry "BRA"]
[SourceTitle "EXT 2020"]
[Source "ChessBase"]
[SourceDate "2019.10.17"]
[SourceVersion "1"]
[SourceVersionDate "2019.10.17"]
[SourceQuality "1"]

1. e4 d5 2. exd5 Qxd5 3. Nc3 Qa5 4. d3 c6 5. Bd2 Qc7 6. Nf3 Bg4 7. Be2 e6 8. Nh4 Bxe2 9. Qxe2 Nd7 10. Nf3 Bd6 11. Ne4 Bf4 12. 0-0 Ngf6 13. Bxf4 Qxf4 14. Rfe1 0-0 15. Nxf6+ Nxf6 16. h3 Rfd8 17. Qe5 Qxe5 18. Rxe5 Rd5 19. Rxd5 cxd5 20. c4 dxc4 21. dxc4 Kf8 22. Rd1 Ke7 23. Ne5 Rc8 24. b3 Rc7 25. g4 Ne4 26. a3 f6 27. Nf3 Rd7 28. Rxd7+ Kxd7 29. Kf1 Kd6 30. Ke2 Nc3+ 31. Kd3 Nd1 32. Ke2 1/2-1/2

[Event "Teresina op 7th"]
[Site "Teresina"]
[Date "2019.08.03"]
[Round "3"]
[White "Da Silva, Jose Gomes"]
[Black "Delgado Ramirez, Neuris"]
[Result "0-1"]
[WhiteElo "1615"]
[BlackElo "2612"]
[PlyCount "20"]
[EventDate "2019.08.02"]
[EventType "swiss"]
[EventRounds "6"]
[EventCountry "BRA"]
[SourceTitle "EXT 2020"]
[Source "ChessBase"]
[SourceDate "2019.10.17"]
[SourceVersion "1"]
[SourceVersionDate "2019.10.17"]
[SourceQuality "1"]

1. d4 Nf6 2. Nf3 g6 3. Bf4 d6 4. e3 Bg7 5. Bg5 h6 6. Bh4 g5 7. Bg3 e6 8. e4 Nc6 9. c3 Bd7 10. Nbd2 Qe7 0-1

[Event "Joao Pessoa Fischer Memorial 10th"]
[Site "Joao Pessoa"]
[Date "2019.03.29"]
[Round "2"]
[White "Cassiano, Lazaro V Amarante"]
[Black "Da Silva, Jose Gomes"]
[Result "0-1"]
[WhiteElo "1800"]
[BlackElo "1635"]
[PlyCount "45"]
[EventDate "2019.03.29"]
[EventType "swiss"]
[EventRounds "6"]
[EventCountry "BRA"]
[SourceTitle "CBM 190 Extra"]
[Source "ChessBase"]
[SourceDate "2019.07.15"]
[SourceVersion "1"]
[SourceVersionDate "2019.07.15"]
[SourceQuality "1"]

1. e4 d5 2. Nc3 dxe4 3. Nxe4 Bf5 4. d3 e6 5. Nf3 Be7 6. Be3 Nf6 7. Nfd2 0-0 8. f3 Nbd7 9. Qe2 b6 10. 0-0-0 c5 11. Bf4 e5 12. Bg3 Nh5 13. Qf2 Nxg3 14. Qxg3 Bh4 15. Qg4 Bxg4 16. fxg4 Bg5 17. Be2 Bxd2+ 18. Rxd2 Qe7 19. Bf3 Rad8 20. Rhd1 c4 21. Nc3 cxd3 22. Rxd3 Nf6 23. Be2 0-1

[Event "Teresina-ch"]
[Site "Teresina"]
[Date "2019.03.15"]
[Round "1.1"]
[White "Silva Sobrinho, Agostinho Jose"]
[Black "Da Silva, Jose Gomes"]
[Result "1-0"]
[WhiteElo "2073"]
[BlackElo "1635"]
[PlyCount "103"]
[EventDate "2019.03.15"]
[EventType "swiss"]
[EventRounds "5"]
[EventCountry "BRA"]
[SourceTitle "EXT 2022"]
[Source "ChessBase"]
[SourceDate "2021.10.06"]
[SourceVersion "1"]
[SourceVersionDate "2021.10.06"]
[SourceQuality "1"]

1. d4 Nf6 2. c4 e6 3. Nf3 b6 4. a3 Bb7 5. Nc3 Be7 6. d5 exd5 7. cxd5 0-0 8. e4 d6 9. Be2 Nbd7 10. 0-0 h6 11. b4 Re8 12. Bb2 Rc8 13. Re1 a6 14. h3 Bf8 15. Bf1 Ne5 16. Nxe5 dxe5 17. Qa4 b5 18. Qb3 c6 19. Rad1 Qc7 20. dxc6 Bxc6 21. Nd5 Bxd5 22. exd5 Bd6 23. Rc1 Qb7 24. Rxc8 Rxc8 25. Bxe5 Bxe5 26. Rxe5 Rd8 27. g3 Ne8 28. Bg2 Nd6 29. Qe3 Kf8 30. Qc5 Qc8 31. Re3 Qxc5 32. bxc5 Nc4 33. Rc3 Rc8 34. c6 Nd6 35. Kf1 Ke8 36. Ke2 Nc4 37. h4 Ke7 38. Kd3 Kd6 39. Kd4 Re8 40. a4 Re2 41. axb5 axb5 42. Bf1 Rd2+ 43. Ke4 f5+ 44. Kf3 Rxd5 45. Bxc4 bxc4 46. Rxc4 Kc7 47. h5 Rd6 48. Kf4 Rd5 49. f3 Ra5 50. Rc3 Rb5 51. Re3 Kxc6 52. Re7 1-0

[Event "Fortaleza Genti Memorial"]
[Site "Fortaleza"]
[Date "2017.09.22"]
[Round "2"]
[White "Da Silva, Jose Gomes"]
[Black "Assuncao, Jose Ribamar da Cos"]
[Result "0-1"]
[WhiteElo "1703"]
[BlackElo "1680"]
[PlyCount "112"]
[EventDate "2017.09.22"]
[EventType "swiss"]
[EventRounds "6"]
[EventCountry "BRA"]
[SourceTitle "CBM 180 Extra"]
[Source "ChessBase"]
[SourceDate "2017.10.06"]
[SourceVersion "1"]
[SourceVersionDate "2017.10.06"]
[SourceQuality "1"]

1. Nf3 Nf6 2. d4 d5 3. Bf4 e6 4. e3 Bd6 5. Bg3 c6 6. Bxd6 Qxd6 7. c3 Nbd7 8. Nbd2 0-0 9. Qc2 c5 10. Be2 a6 11. 0-0 Re8 12. e4 dxe4 13. Nxe4 Nxe4 14. Qxe4 Nf6 15. Qc2 cxd4 16. Nxd4 Qc7 17. Rfe1 e5 18. Nf5 Bxf5 19. Qxf5 e4 20. Qg5 Re5 21. Qh4 Rae8 22. Rad1 Rd8 23. Qg3 Rxd1 24. Rxd1 g6 25. Qf4 Kg7 26. Kf1 Qc5 27. Qe3 Qxe3 28. fxe3 Rd5 29. Rxd5 Nxd5 30. Kf2 a5 31. Bc4 Nf6 32. b4 axb4 33. cxb4 Kf8 34. a4 Ke7 35. h3 g5 36. Ke2 Ne8 37. Kd2 f5 38. g4 fxg4 39. hxg4 Kd6 40. Bf7 Nf6 41. Bh5 Nd5 42. b5 Kc5 43. Bf7 Nf6 44. Be6 Kb4 45. Bc8 b6 46. Bb7 Kxa4 47. Kc3 Nxg4 48. Kd4 Kxb5 49. Kxe4 Kc5 50. Bc8 Nf2+ 51. Kf5 h6 52. Kg6 g4 53. Bb7 b5 54. Kxh6 b4 55. Kg5 b3 56. Bc8 g3 0-1

[Event "Luiz Rego Memorial 5th"]
[Site "Teresina"]
[Date "2017.08.06"]
[Round "5"]
[White "Da Silva, Jose Gomes"]
[Black "Torres, Eduardo Lisboa"]
[Result "0-1"]
[WhiteElo "1738"]
[BlackElo "1939"]
[PlyCount "54"]
[EventDate "2017.08.04"]
[EventType "swiss"]
[EventRounds "6"]
[EventCountry "BRA"]
[SourceTitle "CBM 180 Extra"]
[Source "ChessBase"]
[SourceDate "2017.10.06"]
[SourceVersion "1"]
[SourceVersionDate "2017.10.06"]
[SourceQuality "1"]

1. Nf3 d5 2. d4 Nf6 3. Bf4 g6 4. e3 Bg7 5. Bd3 c5 6. c3 0-0 7. 0-0 Bg4 8. Nbd2 Nc6 9. h3 Bf5 10. Bxf5 gxf5 11. Ne5 cxd4 12. exd4 Nxe5 13. Bxe5 Ne4 14. Bxg7 Kxg7 15. Nxe4 fxe4 16. f3 f5 17. fxe4 dxe4 18. Rf4 e6 19. Qh5 Qe8 20. Qxe8 Raxe8 21. Kf2 Kg6 22. Ke3 h5 23. h4 Rd8 24. Rf2 Rd7 25. Kf4 Kf6 26. g3 Rg8 27. Rd1 Rg4+ 0-1

[Event "Fortaleza Alves Memorial 19th"]
[Site "Fortaleza"]
[Date "2014.05.17"]
[Round "3"]
[White "Da Silva, Jose Gomes"]
[Black "Lima Neto, Djalma Cardoso"]
[Result "1-0"]
[WhiteElo "1779"]
[BlackElo "1787"]
[PlyCount "79"]
[EventDate "2014.05.16"]
[EventType "swiss"]
[EventRounds "6"]
[EventCountry "BRA"]
[SourceTitle "CBM 160 Extra"]
[Source "ChessBase"]
[SourceDate "2014.07.01"]
[SourceVersion "1"]
[SourceVersionDate "2014.07.01"]
[SourceQuality "1"]

1. d4 d5 2. Nf3 Nf6 3. Bf4 Nc6 4. e3 a6 5. Nbd2 g6 6. c3 Bg7 7. Bd3 0-0 8. Qc2 b5 9. a3 Bb7 10. h3 Nd7 11. 0-0-0 Na5 12. e4 c5 13. e5 e6 14. h4 c4 15. Be2 Nc6 16. g4 a5 17. h5 b4 18. hxg6 fxg6 19. Ng5 Qe7 20. Rxh7 bxa3 21. Kb1 Rxf4 22. Qxg6 Nf8 23. Qh5 Nxh7 24. Qxh7+ Kf8 25. Qg6 Nd8 26. Rh1 Qe8 27. Nh7+ Ke7 28. Qg5+ Kd7 29. Qxf4 Qg6+ 30. Ka2 Bc6 31. Nf8+ Bxf8 32. Qxf8 Rb8 33. Qxa3 Qc2 34. Rh8 Qa4 35. f4 Qxa3+ 36. Kxa3 a4 37. f5 exf5 38. gxf5 Kc7 39. Nf3 Rb6 40. Ka2 1-0

[Event "Fortaleza Alves Memorial 19th"]
[Site "Fortaleza"]
[Date "2014.05.16"]
[Round "1"]
[White "Andrade, Roberto Luiz Costa"]
[Black "Da Silva, Jose Gomes"]
[Result "1-0"]
[WhiteElo "2207"]
[BlackElo "1779"]
[PlyCount "149"]
[EventDate "2014.05.16"]
[EventType "swiss"]
[EventRounds "6"]
[EventCountry "BRA"]
[SourceTitle "CBM 160 Extra"]
[Source "ChessBase"]
[SourceDate "2014.07.01"]
[SourceVersion "1"]
[SourceVersionDate "2014.07.01"]
[SourceQuality "1"]

1. e4 e6 2. d4 d5 3. Nc3 dxe4 4. Nxe4 Bd7 5. Nf3 Bc6 6. Bd3 Nd7 7. 0-0 Ngf6 8. Ng3 Bd6 9. Qe2 b6 10. Nf5 0-0 11. Nxd6 cxd6 12. Bf4 Qc7 13. Rfe1 Rfe8 14. h3 Bxf3 15. Qxf3 Nd5 16. Bd2 N7f6 17. c4 Ne7 18. Bg5 Ng6 19. Bxf6 gxf6 20. Qxf6 Qe7 21. Qxe7 Rxe7 22. g3 Rae8 23. f4 e5 24. dxe5 dxe5 25. Bxg6 hxg6 26. fxe5 Rxe5 27. Rxe5 Rxe5 28. Kf2 f5 29. Rd1 Re7 30. Rd5 Kf7 31. c5 bxc5 32. Rxc5 Kf6 33. Rc6+ Kg7 34. b4 Rd7 35. Ke3 Kh6 36. b5 Re7+ 37. Kf3 Rd7 38. Ra6 Rd3+ 39. Kf2 Rd7 40. a4 Re7 41. Rc6 Rd7 42. b6 axb6 43. Rxb6 Rd2+ 44. Ke3 Ra2 45. Ra6 Ra3+ 46. Kf4 Rb3 47. g4 Rb4+ 48. Kg3 fxg4 49. hxg4 Rb1 50. Ra8 Kg5 51. Ra5+ Kh6 52. Kf4 Rb4+ 53. Kg3 Rb3+ 54. Kh4 Rb1 55. g5+ Kg7 56. Ra7+ Kf8 57. a5 Rh1+ 58. Kg4 Rg1+ 59. Kf4 Rf1+ 60. Ke5 Rf5+ 61. Kd6 Rxg5 62. a6 Ra5 63. Kc6 Ra1 64. Ra8+ Kf7 65. a7 Kf6 66. Rf8+ Ke5 67. a8Q Rxa8 68. Rxa8 Kf4 69. Rf8+ Ke5 70. Rg8 Kf5 71. Kd5 g5 72. Rf8+ Kg4 73. Ke4 Kg3 74. Rg8 Kg4 75. Ke3 1-0

[Event "Fortaleza Alves memorial 17th"]
[Site "Fortaleza"]
[Date "2013.05.19"]
[Round "5"]
[White "Da Silva, Agamenon Viana"]
[Black "Da Silva, Jose Gomes"]
[Result "1/2-1/2"]
[WhiteElo "1661"]
[BlackElo "1784"]
[PlyCount "58"]
[EventDate "2013.05.17"]
[EventType "swiss"]
[EventRounds "6"]
[EventCountry "BRA"]
[SourceTitle "CBM 154 Extra"]
[Source "ChessBase"]
[SourceDate "2013.06.25"]
[SourceVersion "2"]
[SourceVersionDate "2013.06.25"]
[SourceQuality "1"]

1. g3 Nf6 2. Bg2 d5 3. d3 e6 4. Nf3 Be7 5. 0-0 0-0 6. Nbd2 c6 7. Nb3 b6 8. Bg5 h6 9. Bxf6 Bxf6 10. d4 Bb7 11. Re1 Nd7 12. Qd3 Rc8 13. Rac1 c5 14. c4 cxd4 15. cxd5 Bxd5 16. Nfxd4 Bxg2 17. Kxg2 Ne5 18. Qe4 Qd7 19. Rxc8 Rxc8 20. Rc1 Rxc1 21. Nxc1 Nc4 22. Ncb3 Nd6 23. Qg4 Qb7+ 24. Nf3 Kf8 25. Qb4 Be7 26. Qd4 Nb5 27. Qe3 Bg5 28. Qe5 a6 29. Kh3 Bf6 1/2-1/2

[Event "Teresina-ch"]
[Site "Teresina"]
[Date "2012.09.22"]
[Round "2"]
[White "Da Silva, Jose Gomes"]
[Black "Sales, Luis Carlos"]
[Result "0-1"]
[WhiteElo "1791"]
[BlackElo "1849"]
[PlyCount "38"]
[EventDate "2012.09.21"]
[EventType "swiss"]
[EventRounds "5"]
[EventCountry "BRA"]
[SourceTitle "EXT 2022"]
[Source "ChessBase"]
[SourceDate "2021.10.06"]
[SourceVersion "1"]
[SourceVersionDate "2021.10.06"]
[SourceQuality "1"]

1. d4 Nf6 2. Nf3 d5 3. Bf4 Nbd7 4. e3 g6 5. Bd3 Bg7 6. c3 0-0 7. 0-0 Re8 8. Nbd2 c5 9. h3 b6 10. e4 dxe4 11. Nxe4 Bb7 12. Qc2 cxd4 13. Nxd4 Nxe4 14. Bxe4 Bxe4 15. Qxe4 e5 16. Nc6 exf4 17. Qxf4 Qf6 18. Qc7 Rec8 19. Qxd7 Qxc6 0-1

[Event "Fortaleza Alves Memorial 16th"]
[Site "Fortaleza"]
[Date "2012.05.19"]
[Round "3"]
[White "Da Sousa, Virginio Aleixo"]
[Black "Da Silva, Jose Gomes"]
[Result "0-1"]
[WhiteElo "1746"]
[BlackElo "1838"]
[PlyCount "88"]
[EventDate "2012.05.18"]
[EventType "swiss"]
[EventRounds "5"]
[EventCountry "BRA"]
[SourceTitle "CBM 148 Extra"]
[Source "ChessBase"]
[SourceDate "2012.06.22"]
[SourceVersion "1"]
[SourceVersionDate "2012.06.22"]
[SourceQuality "1"]

1. d4 e6 2. c4 d5 3. Nc3 Nf6 4. cxd5 exd5 5. Bg5 c6 6. e3 Nbd7 7. Bd3 Bd6 8. Nf3 0-0 9. 0-0 h6 10. Bh4 b6 11. Qc2 Bb7 12. Rab1 Rc8 13. Rfc1 c5 14. b4 cxb4 15. Qb3 Rxc3 16. Rxc3 bxc3 17. Qxc3 Qc7 18. Qe1 Rc8 19. Nd2 Qc3 20. Bf5 Bb4 21. Nf3 Qxe1+ 22. Nxe1 Bxe1 23. Bxf6 Rc7 24. Bd8 Rc8 25. Be7 Re8 26. Ba3 Bxf2+ 27. Kxf2 Nf6 28. Ke2 Ba6+ 29. Bd3 Bxd3+ 30. Kxd3 Rc8 31. Rc1 Rxc1 32. Bxc1 Ne4 33. Kc2 f6 34. Bd2 Kf7 35. Be1 Ke6 36. Kb3 Kd7 37. Ka4 Kc6 38. Kb3 f5 39. g3 Nd6 40. Kc2 g6 41. h3 h5 42. Kd3 Kb5 43. a3 a5 44. Bc3 Nc4 0-1

[Event "Brazil Xadrez Brasil op"]
[Site "Brazil"]
[Date "2010.11.14"]
[Round "4"]
[White "De Oliveira, Wagner Rocha"]
[Black "Da Silva, Jose Gomes"]
[Result "1-0"]
[WhiteElo "1585"]
[BlackElo "1828"]
[PlyCount "51"]
[EventDate "2010.11.12"]
[EventType "swiss"]
[EventRounds "7"]
[EventCountry "BRA"]
[SourceTitle "EXT 2013"]
[Source "ChessBase"]
[SourceDate "2012.11.22"]
[SourceVersion "1"]
[SourceVersionDate "2012.11.22"]
[SourceQuality "1"]

1. d4 d5 2. Nf3 e6 3. Nc3 Nf6 4. Bg5 Be7 5. e3 c5 6. Bb5+ Bd7 7. Bxd7+ Nbxd7 8. 0-0 0-0 9. a3 h6 10. Bh4 Rc8 11. Ne2 Qb6 12. Ne5 Rfe8 13. Nxd7 Nxd7 14. Bxe7 Rxe7 15. Rb1 a5 16. c3 Qa6 17. Ng3 cxd4 18. exd4 b5 19. Qe2 Qc6 20. Rfe1 Qc4 21. Nf5 Kf8 22. Qxc4 bxc4 23. Nxe7 Kxe7 24. Re3 a4 25. Rbe1 Rb8 26. R1e2 1-0